00801nam a2200205 a 450000100100000000500170001000800410002704000250006808200210009310000450011424500730015926000740023230000310030649000310033750000540036850400740042265000330049665000350052983000310056400002010620240305073653.0100721s1972 dr c r 001 0 spa d aDO-SdBNPbspacBNPHU a759.97293bR696p1 aRodríguez Demorizi, Emilio,d1908-198610aPintura y escultura en Santo Domingo /cEmilio Rodríguez Demorizi. aSanto Domingo :bLibrería hispaniolabEditora Santo Domingo,c1972. a264 p. :bretrs. ;c20 cm.1 aPensamiento Dominicanov49 aIncluye índice de personas, lugares y materias. aIncluye referencias bibliográficas y notas al pie de las páginas. 4aPintura dominicanaxHistoria 4aEscultura dominicanaxHistoria 0aPensamiento Dominicanon49